000 00213nam a22000857a 4500
008 170619b xxu||||| |||| 00| 0 eng d
100 _93507
_aBendick. J
245 _aA long came Galileo
260 _aNew Delhi
_bS. H
_c1999
999 _c6891
_d6891